Tiempo de silencio : (Registro nro. 14850)

Detalles MARC
000 -LIDER
fixed length control field 00767cam a2200265 i 4500
003 - IDENTIFICACDOR DE NÚMERO DE CONTROL
control field DO-SdBPMS
005 - DATE AND TIME OF LATEST TRANSACTION
control field 20241107102742.0
008 - ELEMENTOS DE LONGITUD FIJA
fixed length control field 100514s1980 sp || 000 f spa
015 ## - NÚMERO DENTRO DE LA BIBLIOGRAFÍA NACIONAL
National bibliography number
017 ## - NÚMERO DE REGISTRO DE DERECHOS DE AUTOR
Copyright or legal deposit number
Assigning agency
020 ## - ISBN
International Standard Book Number 8432203777
035 ## - NÚMERO LOCAL
System control number
040 ## - FUENTE DE CATALOGACIÓN
Agencia que crea de manera original el registro BPMSU
Idioma de catalogación spa
Agencia que realiza la transcripción BPMSU
Convenciones de la despripción
080 ## - NÚMERO DE CLASIFICACIÓN DECIMAL UNIVERSAL
Universal Decimal Classification number
082 #4 - NÚMERO DE CLASIFICACIÓN DECIMAL DE DEWEY
Classification number 892.7
Item number M379t 1980
Edition number 22
100 1# - ASIENTO PRINCIPAL -- NOMBRE PERSONAL
Nombre personal Martín-Santos, Luis,
Fechas asociadas con el nombre 1924-1964.
Mención de responsabilidad
Numeración
245 10 - MENCIÓN DE TITULO
Título Tiempo de silencio :
Subtítulo Novela /
Mención de responsabilidad Luis Martín-Santos.
260 ## - PUBLICACIÓN, DISTRIBUCIÓN, ETC. (PIE DE IMPRENTA)
Lugar de publicación, distribución, etc Barcelona :
Nombre del editor, distribuidor, etc. Editorial Seix Barral,
Fecha de publicación, distribución, etc 1980
300 ## - DESCRIPCIÓN FÍSICA
Extensión 295 p. :
Dimensiones 23 cm
500 ## - NOTA GENERAL
Nota general Incluye datos biográficos del autor en la contracubierta
590 ## - NOTA LOCAL
Enlace Inventariado, 2022/VM
650 #4 - ENCABEZAMIENTO DE MATERIA--TEMÁTICO
Término temático o nombre geográfico como elemento de entrada Novela marroquí
910 ## - VALIDACIÓN
Validación VMateo V. Control de calidad. BPMSU
942 ## - ADDED ENTRY ELEMENTS (KOHA)
Source of classification or shelving scheme Dewey Decimal Classification
Koha item type Libros
Existencias
Withdrawn status Lost status Source of classification or shelving scheme Damaged status Not for loan Collection code Home library Current library Date acquired Total Checkouts Full call number Barcode Date last seen Price effective from Koha item type
    Dewey Decimal Classification     Colección General Biblioteca Pública Metropolitana Salomé Ureña Biblioteca Pública Metropolitana Salomé Ureña 11/07/2024   BPMSU CG 892.7 M379t 1980 BPMSU24110012 11/07/2024 11/07/2024 Libros